Statistics for Five Biggest Cities By Asian Country

Click here to take the quiz!

General Stats

  • This quiz has been taken 3,064 times
  • The average score is 28 of 50

Answer Stats

CountryCity% Correct
2ChinaBeijing
98%
1IndonesiaJakarta
97%
1South KoreaSeoul
96%
1ChinaShanghai
96%
1JapanTokyo
96%
2IndiaDelhi
95%
1RussiaMoscow
95%
1IndiaMumbai
95%
1TurkeyIstanbul
94%
1UAEDubai
93%
2TurkeyAnkara
91%
2RussiaSt. Petersburg
91%
1MalaysiaKuala Lumpur
90%
3JapanOsaka
90%
1Saudi ArabiaRiyadh
87%
2UAEAbu Dhabi
85%
4ChinaGuangzhou
83%
3IndiaKolkata
83%
3Saudi ArabiaMecca
75%
4IndiaChennai
71%
5IndiaBangalore
66%
2South KoreaBusan
65%
2Saudi ArabiaJeddah
61%
4JapanNagoya
59%
5JapanSapporo
59%
3ChinaTianjin
58%
3TurkeyIzmir
55%
4Saudi ArabiaMedina
52%
2JapanYokohama
51%
5ChinaShenzhen
47%
4RussiaYekaterinburg
43%
2IndonesiaSurabaya
42%
3South KoreaIncheon
38%
3RussiaNovosibirsk
37%
3IndonesiaBandung
36%
5RussiaNizhny Novgorod
31%
4South KoreaDaegu
28%
5IndonesiaMedan
27%
4TurkeyBursa
22%
3UAESharjah
20%
5MalaysiaGeorge Town
18%
5TurkeyAdana
17%
5South KoreaDaejeon
9%
4UAEAl Ain
8%
5UAEAjman
6%
4IndonesiaBekasi
5%
3MalaysiaKlang
5%
4MalaysiaSubang Jaya
4%
2MalaysiaKajang
3%
5Saudi ArabiaAl-Ahsa
1%

Score Distribution

Percentile by Number Answered

Percent of People with Each Score

Your Score History

You have not taken this quiz